[Event "VIE-ch U11"]
[Site "Hai Phong"]
[Date "2018.07.08"]
[Round "3"]
[White "Tran, Nguyen Dang Khoa"]
[Black "Nguyen, Duc Gia Bach1111"]
[Result "1/2-1/2"]
[WhiteElo "1893"]
[BlackElo "1870"]
[PlyCount "47"]
[EventDate "2018.07.07"]
[EventType "swiss"]
[EventRounds "9"]
[EventCountry "VIE"]
[SourceTitle "EXT 2019"]
[Source "ChessBase"]
[SourceDate "2018.10.10"]
[SourceVersion "1"]
[SourceVersionDate "2018.10.10"]
[SourceQuality "1"]

1. d4 Nf6 2. c4 g6 3. Nf3 Bg7 4. e3 0-0 5. Be2 d6 6. 0-0 Bf5 7. Nc3 Nbd7 8. Bd3 Bxd3 9. Qxd3 c5 10. d5 Ng4 11. b3 Nde5 12. Nxe5 Nxe5 13. Qd2 Qd7 14. Bb2 Qg4 15. f4 Nd7 16. h3 Qh5 17. Ne4 Qh6 18. Bxg7 Qxg7 19. Qc3 a6 20. Qxg7+ Kxg7 21. Nc3 Rab8 22. h4 b6 23. Rab1 a5 24. Kf2 1/2-1/2

[Event "Ho Chi Minh City HD Bank op-B 6th"]
[Site "Ho Chi Minh City"]
[Date "2016.03.10"]
[Round "4"]
[White "Tran, Nguyen Dang Khoa"]
[Black "Nguyen, Hoang Thai Ngoc"]
[Result "1-0"]
[WhiteElo "1850"]
[BlackElo "1277"]
[PlyCount "109"]
[EventDate "2016.03.08"]
[EventType "swiss"]
[EventRounds "9"]
[EventCountry "VIE"]
[SourceTitle "CBM 171 Extra"]
[Source "ChessBase"]
[SourceDate "2016.04.26"]
[SourceVersion "1"]
[SourceVersionDate "2016.04.26"]
[SourceQuality "1"]

1. e4 c5 2. Nc3 d6 3. Bc4 Nf6 4. d3 e6 5. Bg5 Be7 6. Nf3 Nc6 7. 0-0 0-0 8. Re1 e5 9. h3 h6 10. Bxf6 Bxf6 11. Nd5 Be6 12. a3 Ne7 13. Nxf6+ gxf6 14. Qd2 Kh7 15. Nh4 Rg8 16. Kh2 d5 17. Bb3 dxe4 18. Bxe6 fxe6 19. Rxe4 Qd5 20. Rae1 Nf5 21. f3 Nd6 22. Rg4 h5 23. c4 Qc6 24. Rxg8 Rxg8 25. f4 Qc7 26. Qe2 Nf7 27. Qxh5+ Nh6 28. Qf3 Nf7 29. Kh1 Qe7 30. Qh5+ Nh6 31. fxe5 fxe5 32. Rxe5 Qf6 33. Nf3 b6 34. Ng5+ Kg7 35. Nf3 Kh7 36. Ng5+ Kg7 37. Qe2 Nf5 38. Nxe6+ Kh6 39. Qd2+ Kh7 40. Qf4 Ng3+ 41. Kh2 Nf1+ 42. Kg1 Qxf4 43. Nxf4 Ng3 44. Nd5 Rg7 45. Nf6+ Kg6 46. Ng4 Nh5 47. h4 Nf4 48. Rg5+ Kh7 49. Nf6+ Kh8 50. Rf5 Rxg2+ 51. Kf1 Rxb2 52. Rxf4 Rb3 53. Rf3 Rxa3 54. Rg3 a5 55. Rg8# 1-0

[Event "VIE-ch U20"]
[Site "Ho Chi Minh City"]
[Date "2014.07.13"]
[Round "1"]
[White "Tran, Nguyen Dang Khoa"]
[Black "Pham, Hoai Nam"]
[Result "0-1"]
[WhiteElo "1850"]
[BlackElo "2064"]
[PlyCount "58"]
[EventDate "2014.07.13"]
[EventType "swiss"]
[EventRounds "9"]
[EventCountry "VIE"]
[SourceTitle "EXT 2016"]
[Source "ChessBase"]
[SourceDate "2015.10.08"]
[SourceVersion "1"]
[SourceVersionDate "2015.10.08"]
[SourceQuality "1"]

1. e4 c6 2. d4 d5 3. e5 Bf5 4. Bd3 Bxd3 5. Qxd3 e6 6. Ne2 Nd7 7. 0-0 Ne7 8. b3 c5 9. c3 Nc6 10. f4 g6 11. Nd2 cxd4 12. cxd4 Nb4 13. Qb1 Rc8 14. a3 Nc6 15. Nf3 Bg7 16. Qd3 0-0 17. g4 f6 18. Bd2 Qb6 19. Kh1 Rc7 20. b4 a5 21. b5 Na7 22. a4 Rfc8 23. Rfc1 Rc4 24. Rxc4 Rxc4 25. Nc1 Bf8 26. Nb3 Bb4 27. Bxb4 axb4 28. Rc1 Qc7 29. Nfd2 Rxc1+ 0-1

[Event "VIE-ch U20"]
[Site "Da Lat"]
[Date "2013.07.??"]
[Round "2"]
[White "Phan, Trong Viet"]
[Black "Tran, Nguyen Dang Khoa"]
[Result "0-1"]
[WhiteElo "1984"]
[BlackElo "1850"]
[PlyCount "80"]
[EventDate "2013.07.13"]
[EventType "swiss"]
[EventRounds "9"]
[EventCountry "VIE"]
[SourceTitle "EXT 2014"]
[Source "ChessBase"]
[SourceDate "2013.11.20"]
[SourceVersion "1"]
[SourceVersionDate "2013.11.20"]
[SourceQuality "1"]

1. Nf3 d5 2. g3 Nc6 3. Bg2 e5 4. d3 h6 5. 0-0 Be6 6. e4 dxe4 7. dxe4 Nf6 8. Qe2 Bd6 9. c3 0-0 10. h3 Qd7 11. Kh2 Na5 12. b3 Rad8 13. Bb2 Nc6 14. c4 Qe7 15. Nc3 Bc8 16. Nd5 Qe6 17. Rfc1 b6 18. Nh4 Ne7 19. Qf3 Nfxd5 20. exd5 Qd7 21. Re1 f6 22. Qd3 g5 23. Ng6 Nxg6 24. Qxg6+ Qg7 25. Qc2 Rde8 26. Re2 Qf7 27. Rae1 Qh5 28. Qd3 Kg7 29. Rh1 Bd7 30. Kg1 a5 31. h4 g4 32. Kh2 Kg8 33. Rhe1 Re7 34. Be4 f5 35. Bg2 Rfe8 36. Kg1 Qf7 37. a3 Qg6 38. Qc3 Kh7 39. b4 axb4 40. axb4 c5 0-1